Quiz Îles Shetland - Statistiques

Statistiques générales
  • Ce quiz a été pris 3 fois
  • Le résultat moyen est 8 sur 17
Statistiques - réponses
Hint Réponse % Correct
Quel phénomène naturel peut être observé en hiver dans les Shetland ? Aurores boréales
100%
De quelle nation constitutive ce territoire fait-il partie ? Écosse
100%
Quel pays nordique est situé à l’est des Shetland ? Norvège
100%
Quelle activité économique traditionnelle reste importante aujourd’hui ? Pêche
100%
Quelle ressource découverte dans les années 1970 a transformé l’économie ? Pétrole
100%
Quel animal emblématique originaire des Shetland est très connu ? Poney Shetland
100%
À quel pays appartiennent les îles Shetland ? Royaume-Uni
100%
Quelle race de chien porte aussi le nom de l’archipel ? Berger des Shetland
67%
Jusqu’à quelle année les Shetland appartenaient-elles à la Norvège ? 1472
0%
Quel événement historique explique leur rattachement à l’Écosse ? Dot d’une princesse / mariage royal
0%
Quelle est l’altitude approximative de ce point culminant ? Environ 450 m
0%
Quelle est la capitale des Shetland ? Lerwick
0%
Quelle est l’île principale de l’archipel ? Mainland
0%
Quelle langue ancienne d’origine nordique était parlée sur les îles ? Norne
0%
Quel point culminant se trouve sur l’île principale ? Ronas Hill
0%
Quel dialecte local est encore utilisé aujourd’hui ? Shetlandic
0%
Quel festival célèbre l’héritage viking des îles ? Up Helly Aa
0%
Aucun quiz correspondant
Distribution des résultats
% des personnes avec chaque résultat
Percentile par nombre de réponses
Votre historique - résultats
Vous n’avez pas pris ce quiz